000 00723nam a2200229Ii 4500
003 JO-AjNU
008 230605s9999||||xx |||||||||||||| ||und||
017 _a2002/11566
020 _a977-01-7908-6
040 _aJO-AjNU
_bara
_erda
_cJO-AjNU
041 _aara
050 1 4 _aPJ7860 2002
100 3 _aتأليف الشهاوي، أحمد,
_eauthor
_936684
245 0 0 _aمياه في الأصابع
264 3 1 _aبيروت:الدار المصرية اللبنانية،2002
300 _a398ص
336 _atext
_btxt
_2rdacontent
337 _aunmediated
_bn
_2rdamedia
338 _avolume
_bnc
_2rdacarrier
490 0 _aسلسلة الأعمال الإبداعية
650 4 _aالشعر العربي
_936685
999 _aA15263
_c18831
_d18831